Atomic habits : (Record no. 2860)
[ view plain ]
| 000 -LEADER | |
|---|---|
| fixed length control field | 00506nam a22001817a 4500 |
| 001 - CONTROL NUMBER | |
| control field | 2860 |
| 003 - CONTROL NUMBER IDENTIFIER | |
| control field | BD-DhBUF |
| 005 - DATE AND TIME OF LATEST TRANSACTION | |
| control field | 20251129161956.0 |
| 008 - FIXED-LENGTH DATA ELEMENTS--GENERAL INFORMATION | |
| fixed length control field | 251129b bg ||||| |||| 00| 0 ben d |
| 020 ## - INTERNATIONAL STANDARD BOOK NUMBER | |
| International Standard Book Number | 9781847941831 |
| 040 ## - CATALOGING SOURCE | |
| Original cataloging agency | BD-DhBUF |
| Transcribing agency | BD-DhBUF |
| 100 ## - MAIN ENTRY--PERSONAL NAME | |
| Personal name | Clear, James |
| 9 (RLIN) | 4227 |
| 245 ## - TITLE STATEMENT | |
| Title | Atomic habits : |
| Remainder of title | an easy & proven way to build good habits & break bad ones / |
| Statement of responsibility, etc. | James Clear, |
| 260 ## - PUBLICATION, DISTRIBUTION, ETC. | |
| Place of publication, distribution, etc. | London : |
| Name of publisher, distributor, etc. | Penguin, |
| Date of publication, distribution, etc. | C 2018 |
| 300 ## - PHYSICAL DESCRIPTION | |
| Extent | ix, 306 |
| Dimensions | 23cm. ; |
| 526 ## - STUDY PROGRAM INFORMATION NOTE | |
| Program name | Science |
| 942 ## - ADDED ENTRY ELEMENTS (KOHA) | |
| Source of classification or shelving scheme | Dewey Decimal Classification |
| Koha item type | Books |
| Withdrawn status | Lost status | Source of classification or shelving scheme | Damaged status | Not for loan | Home library | Current library | Date acquired | Total Checkouts | Full call number | Barcode | Date last seen | Copy number | Price effective from | Koha item type | Source of acquisition |
|---|---|---|---|---|---|---|---|---|---|---|---|---|---|---|---|
| Dewey Decimal Classification | BUFT Library | BUFT Library | 11/29/2025 | 155.24 C6231a 2018 | 2025-0428 | 11/29/2025 | C-1 | 11/29/2025 | Books | ||||||
| Dewey Decimal Classification | BUFT Library | BUFT Library | 12/08/2025 | 155.24 C6231a 2018 | 2025-0485 | 12/08/2025 | C-2 | 11/29/2025 | Books | ||||||
| Dewey Decimal Classification | BUFT Library | BUFT Library | 04/06/2026 | 155.24 C6231a 2018 | 2026-0040 | 04/26/2026 | C-3 | 11/29/2025 | Books | Donation ( Mr. Faruque Hassan. Chairman, BUFT ) |
